00397nam a2200133Ia 4500008004100000020001500041100002800056245002300084250000800107260003500115300000700150952009100157999001500248211105s9999 xx 000 0 und d aVYASA04670 aAkhandananda Saraswathi 0aGrhasthaka Lakshya a1st bSatsahitya prakashan trustc\N a48 00104070aSVYASAbSVYASAd2010-06-23l0p14184r2021-11-09 00:00:00w2021-11-09yBKS c9901d9901